La funesta influencia del positivismo. (Registro nro. 34027)
[ vista simple ]
| 000 -CABECERA | |
|---|---|
| campo de control de longitud fija | 00247nam a2200097 a 4500 |
| 005 - FECHA Y HORA DE LA ÚLTIMA TRANSACCIÓN | |
| campo de control | 20200930073743.0 |
| 008 - DATOS DE LONGITUD FIJA--INFORMACIÓN GENERAL | |
| campo de control de longitud fija | 111006s1844 000 spa d |
| 040 ## - FUENTE DE LA CATALOGACIÓN | |
| Centro catalogador/agencia de origen | DO-SdBNP |
| 245 #3 - MENCIÓN DE TÍTULO | |
| Título | La funesta influencia del positivismo. |
| 260 ## - PUBLICACIÓN, DISTRIBUCIÓN, ETC. | |
| Lugar de publicación, distribución, etc. | s. l., |
| Fecha de publicación, distribución, etc. | 1844. |
No hay ítems disponibles.
